000 00502nam a22001097a 4500
008 110610t xxu||||| |||| 00| 0 eng d
010 _aSCCAF25
245 _a Supreme Court of Uganda. Namulombi Hasadi vs Uganda
260 _c1997
500 _aCORAME: Tsekooko, J.S.C., Karokora J.S.C,. Mulega J.S.C,. Kanyehimba J.S.C,. and Kikonyogo J.S.C
500 _aAppeal a the against the decision and judgment of the court of Appeal of Uganda at Kampala Mayindo D.C.J., Okello, Twinomujuni J.A. date 21/Nov, 1997
999 _c2560
_d2560